| 000 | 00824cac a22002051u 4500 | ||
|---|---|---|---|
| 008 | 081108t2002 xxu||||| |||| 00| 0 eng d | ||
| 010 | _a75011599 | ||
| 020 | _a8120305698 | ||
| 082 | 0 | 0 |
_a001.642 _bW7992 |
| 100 |
_aWirth, Niklaus. _917871 |
||
| 245 | 1 | 0 |
_aAlgorithms + data structures=programs / _cNiklaus Wirth. |
| 260 |
_aNew Delhi : _bPrentice Hall of India, _cc2002. |
||
| 300 |
_axvii, 366 p. : _bill. ; _c24 cm. |
||
| 504 | _aIncludes bibliographies and indexes. | ||
| 650 | 0 |
_aComputer programming. _917872 |
|
| 650 | 0 |
_aData structures (Computer science) _917873 |
|
| 650 | 0 |
_aComputer algorithms. _917874 |
|
| 942 |
_cBB _k001.642W7992 _2ddc |
||
| 999 |
_c574 _d574 |
||